عرض عادي
عرض مارك
- Linux.
مدخل عنوان موحد
001 - رقم الضبط
- حقل الضبط: 4734
003 - معرف رقم الضبط
- حقل الضبط: OSt
005 - تاريخ ووقت أخر عملية
- حقل الضبط: 20110921005034.0
008 - عناصر بيانات ثابتة الطول
- حقل تحكم ثابت الطول: 110921|||a|||||| | ||| d
040 ## - مصدر الفهرسة
- هيئة الفهرسة الأصلية: OSt
- وكالة الكتابة: OSt
130 ## - مدخل -- اسم مؤتمر
- العنوان الموحد: Linux.
670 ## - بيانات المصدر موجوده
- الاستشهاد بالمصدر: Work cat.: (OSt)778: Petersen, Richard, 1949- 4733, Linux :, c2002.
